000 01076naa a22003137a 4500
001 BR8804423
003 BR-BrBNA
005 20240918180248.0
007 ta
008 230509b bl.||||| |||| 00| 0 por d
040 _aBR-BrBNA
_bpor
_cBiblioteca Nacional de Agricultura
041 _a(Pt)
072 _aL53
_b5120
090 _aL53 BR8804423
100 1 _aCury, C.J.
111 1 _a5. Simposio Nacional de Reproducao Animal
_cBelo Horizonte, MG (Brazil)
_d18-22 Jul 1983
245 1 _aExame endrologico do garanhao
260 3 _aCampinas, SP (Brasil):
_c1984.
500 _aAnais do 5. Simposio Nacional de Reproducao Animal Campinas, SP (Brasil): 1984. p. 139-148 (BR8804423-AM)L53
650 _aGARANHAO
650 _aREPRODUCAO ANIMAL
650 _aFERTILIDADE ANIMAL
650 _aAPARELHO REPRODUTOR
650 _aANATOMIA ANIMAL
650 _aMORFOLOGIA ANIMAL
773 0 _tAnais do 5. Simposio Nacional de Reproducao Animal
_wL53 BR8804423
_gCampinas, SP (Brasil), 1984. p. 139-148
909 _a202404
_bLucia
_c55
_dLucia Elande
942 _cAM
_2AGRIS
999 _c319527
_d319527